The ambassadors

Guardat en:
Dades bibliogràfiques
Autor principal: James, Henry (Autor)
Format: Llibre
Idioma:anglès
Publicat: Nueva York Doubleday & Company 1958
Col·lecció:Anchor Books
Matèries:
Etiquetes: Afegir etiqueta
Sense etiquetes, Sigues el primer a etiquetar aquest registre!

MARC

LEADER 00000nam a2200000 a 4500
001 UCQ4445
003 CL-VaPUC
008 980904e19580000US |||||||||||||||||eng|d
082 0 4 |a 813  |b JAM  |2 21 
100 |a James, Henry  |e author  |9 316060 
245 1 4 |a The ambassadors 
300 |a 465 p 
942 |c BK 
945 |d 19980904 00:00:00  |a crobeson 
260 |a Nueva York  |b Doubleday & Company  |c 1958 
650 0 |a Novelas estadounidenses  |9 265217 
650 0 |a Literatura estadounidense  |9 317168 
583 |a last modification  |c 19980904 00:00:00  |k Rodrigo Vera 
490 0 |a Anchor Books 
999 |c 274821  |d 274819 
952 |0 0  |1 0  |4 0  |6 813_000000000000000_JAM_1958  |7 0  |8 A  |9 311136  |a BIBEDU  |b BIBEDU  |d 2019-11-20  |i 1465252  |o 813 JAM 1958  |p 1465252  |r 2019-11-20  |w 2019-11-20  |y BK  |k LIT